[Event "Hastings Masters 2022/23"]
[Site "Hastings"]
[Date "2022.12.28"]
[Round "1.1"]
[White "Wilks, Simon"]
[Black "Edouard, Romain"]
[Result "1/2-1/2"]
[WhiteElo "2072"]
[BlackElo "2537"]
[PlyCount "130"]
[EventDate "2022.12.28"]
[EventType "swiss"]
[EventRounds "10"]
[EventCountry "ENG"]

1. e4 e6 2. d4 d5 3. Nc3 Nf6 4. Bg5 dxe4 5. Nxe4 Be7 6. Bxf6 gxf6 7. Nf3 a6 8.
g3 f5 9. Nc3 b5 10. Bg2 Bb7 11. O-O Qd6 12. Re1 Nd7 13. Qe2 Nb6 14. Rad1 b4 15.
Nb1 h5 16. Nbd2 h4 17. c4 bxc3 18. bxc3 hxg3 19. hxg3 c5 20. Nc4 Nxc4 21. Qxc4
Rd8 22. Ne5 Bxg2 23. Kxg2 Qd5+ 24. Qxd5 Rxd5 25. Nc6 cxd4 26. Rxd4 Rxd4 27.
cxd4 Bd6 28. d5 Rh6 29. Nd4 Kd7 30. Rb1 Bc5 31. dxe6+ fxe6 32. Nb3 Bb6 33. Nd2
Kc6 34. Nc4 Bc7 35. Rc1 Rh7 36. Kf3 Kb5 37. Nb2 e5 38. Nc4 e4+ 39. Ke2 Rh2 40.
Na3+ Kb6 41. Nc4+ Kb7 42. Ke3 Bb8 43. Rf1 Kc6 44. Na5+ Kd7 45. Rd1+ Ke6 46. Nc6
Bc7 47. Nd4+ Ke5 48. f4+ Kf6 49. Rc1 Ba5 50. Rc6+ Kf7 51. Nxf5 Rxa2 52. Kxe4
Bd2 53. Nd6+ Ke7 54. Nc4 Bc1 55. Kf5 a5 56. Nb6 Ra1 57. g4 a4 58. Nxa4 Bxf4 59.
Kxf4 Rxa4+ 60. Kf5 Kf7 61. Rc7+ Kg8 62. g5 Ra6 63. Kg4 Rb6 64. Kh5 Ra6 65. g6
Ra1 1/2-1/2

[Event "Hastings Masters 2022/23"]
[Site "Hastings"]
[Date "2022.12.28"]
[Round "1.2"]
[White "Petrov, Martin"]
[Black "Waldhausen Gordon, Frederick"]
[Result "1-0"]
[WhiteElo "2535"]
[BlackElo "2069"]
[PlyCount "87"]
[EventDate "2022.12.28"]
[EventType "swiss"]
[EventRounds "10"]
[EventCountry "ENG"]

1. e4 c5 2. Nf3 g6 3. c3 d5 4. e5 Nc6 5. d4 Bg4 6. Bb5 Rc8 7. dxc5 e6 8. Be3
Bg7 9. Nbd2 Nge7 10. h3 Bxf3 11. Nxf3 O-O 12. Bxc6 Nxc6 13. Bd4 a5 14. O-O Qc7
15. Re1 Nxd4 16. cxd4 b6 17. Rc1 Bh6 18. Rc3 b5 19. Nh2 Bg5 20. Ng4 Kg7 21. h4
h5 22. hxg5 hxg4 23. Qxg4 Rh8 24. Qf4 b4 25. Qf6+ Kg8 26. Rf3 Rh7 27. Ree3 Qd8
28. Rh3 Rxh3 29. Rxh3 Qxf6 30. gxf6 a4 31. Kh2 Rc7 32. Kg3 Rc8 33. Kf4 Rb8 34.
Kg5 Rc8 35. f4 Rc7 36. g4 Rc8 37. Kh6 Rc6 38. a3 b3 39. Rg3 Kf8 40. Kh7 Ke8 41.
Kg7 Rc7 42. Rh3 Kd8 43. Rh8+ Kd7 44. Kxf7 1-0

[Event "Hastings Masters 2022/23"]
[Site "Hastings"]
[Date "2022.12.28"]
[Round "1.4"]
[White "Sulskis, Sarunas"]
[Black "Royset, Pal"]
[Result "1-0"]
[WhiteElo "2492"]
[BlackElo "2058"]
[PlyCount "61"]
[EventDate "2022.12.28"]
[EventType "swiss"]
[EventRounds "10"]
[EventCountry "ENG"]

1. b3 e5 2. Bb2 Nc6 3. e3 g6 4. Nf3 Bg7 5. d4 e4 6. Nfd2 f5 7. Be2 Nf6 8. d5
Ne7 9. d6 cxd6 10. Nc4 d5 11. Nd6+ Kf8 12. O-O Qb6 13. Nb5 a6 14. Nd4 Qc7 15.
Nd2 h5 16. c4 dxc4 17. Rc1 Ng4 18. g3 b5 19. bxc4 b4 20. c5 Ne5 21. Nc4 Nxc4
22. Rxc4 h4 23. Qa1 Rh7 24. Rd1 Rb8 25. Nc2 Bxb2 26. Qxb2 a5 27. Rd6 Bb7 28.
Qe5 Ke8 29. Nd4 hxg3 30. Nb5 gxf2+ 31. Kf1 1-0

[Event "Hastings Masters 2022/23"]
[Site "Hastings"]
[Date "2022.12.28"]
[Round "1.5"]
[White "Hng, Mei-En Emmanuelle"]
[Black "Nagy, Gabor"]
[Result "0-1"]
[WhiteElo "2057"]
[BlackElo "2488"]
[PlyCount "122"]
[EventDate "2022.12.28"]
[EventType "swiss"]
[EventRounds "10"]
[EventCountry "ENG"]

1. e4 e5 2. Bc4 Nf6 3. Nf3 d6 4. O-O Be7 5. Re1 O-O 6. d3 c6 7. Bb3 Nbd7 8. c3
h6 9. Nbd2 Re8 10. Nf1 Bf8 11. Ng3 d5 12. h3 Qc7 13. Be3 b6 14. Bc2 dxe4 15.
dxe4 Nc5 16. b4 Rd8 17. Qb1 Ne6 18. a4 c5 19. b5 c4 20. a5 Bd7 21. Nd2 bxa5 22.
b6 axb6 23. Bxb6 Qc8 24. Bxd8 Nxd8 25. Ba4 Be6 26. Nf5 Nb7 27. Bb5 g6 28. Ne3
Nd6 29. Ba4 Qc5 30. Qc2 h5 31. Kh1 Bh6 32. Re2 Rd8 33. Nef1 Qc7 34. Rb1 Nb7 35.
Bb5 Nd6 36. Ba4 Kg7 37. Kg1 Qc5 38. Qb2 h4 39. Qb6 Qxb6 40. Rxb6 Nh5 41. Rc6
Nf4 42. Re1 Nc8 43. Bc2 Rd6 44. Rc7 Nxh3+ 45. gxh3 Bxd2 46. Nxd2 Rxd2 47. Ba4
Nd6 48. Bd7 Kf6 49. Bxe6 Kxe6 50. Ra7 Rd3 51. Kg2 Rxc3 52. Rxa5 Rd3 53. Re2 f6
54. f3 Rb3 55. Rc5 c3 56. Rc2 Nb5 57. Kf2 Kd6 58. Rc4 Rb2 59. Rxb2 cxb2 60. Rb4
Nc3 61. Ke3 b1=Q 0-1

[Event "Hastings Masters 2022/23"]
[Site "Hastings"]
[Date "2022.12.28"]
[Round "1.6"]
[White "Clarke, Brandon G I"]
[Black "Franco, Gaston"]
[Result "1-0"]
[WhiteElo "2484"]
[BlackElo "2051"]
[PlyCount "99"]
[EventDate "2022.12.28"]
[EventType "swiss"]
[EventRounds "10"]
[EventCountry "ENG"]

1. e4 c5 2. Nf3 Nc6 3. d4 cxd4 4. Nxd4 g6 5. Nc3 Bg7 6. Be3 Nf6 7. Bc4 O-O 8.
Bb3 a5 9. O-O d6 10. f3 Nxd4 11. Bxd4 Bd7 12. a4 Bc6 13. Qd2 Nd7 14. Be3 Qb8
15. Ra2 Rc8 16. Nd5 Bxd5 17. exd5 Nc5 18. Bxc5 Rxc5 19. c3 Qf8 20. Re1 Rac8 21.
Re4 R8c7 22. g3 Qc8 23. Kg2 Bf6 24. h4 Bg7 25. g4 Qf8 26. Qe2 Qd8 27. Ra1 Bf6
28. g5 Bg7 29. Re1 Kf8 30. f4 Qd7 31. c4 b6 32. Bd1 Rb7 33. Kg3 Rcc7 34. b3 Qd8
35. Qd3 Kg8 36. h5 Qf8 37. R4e3 Bh8 38. Bc2 Qg7 39. f5 Qd4 40. hxg6 hxg6 41.
fxg6 Be5+ 42. Kh3 Qxd3 43. gxf7+ Kxf7 44. Bxd3 e6 45. Rf3+ Ke7 46. Ref1 exd5
47. cxd5 Bg7 48. Bb5 Kd8 49. Bc6 Ra7 50. Kg4 1-0

[Event "Hastings Masters 2022/23"]
[Site "Hastings"]
[Date "2022.12.28"]
[Round "1.7"]
[White "Coote, Trevor D"]
[Black "Korneev, Oleg"]
[Result "0-1"]
[WhiteElo "2047"]
[BlackElo "2481"]
[PlyCount "68"]
[EventDate "2022.12.28"]
[EventType "swiss"]
[EventRounds "10"]
[EventCountry "ENG"]

1. Nf3 d5 2. g3 Nf6 3. Bg2 Bf5 4. d3 e6 5. O-O Be7 6. Nbd2 h6 7. b3 O-O 8. Bb2
Bh7 9. Ne5 Nfd7 10. e4 Nxe5 11. Bxe5 Nd7 12. Bb2 c6 13. Qe2 a5 14. a4 Bf6 15.
e5 Be7 16. Bh3 b5 17. f4 bxa4 18. Rxa4 Nc5 19. Ra2 a4 20. b4 Na6 21. c3 d4 22.
f5 dxc3 23. Bxc3 Nxb4 24. Bxb4 Bxb4 25. Nc4 Qd4+ 26. Kh1 Bxf5 27. Bxf5 exf5 28.
Rxf5 Qd5+ 29. Qf3 a3 30. Qxd5 cxd5 31. Nb6 Ra5 32. Rf4 Be7 33. d4 Rd8 34. Rf3
Ra6 0-1

[Event "Hastings Masters 2022/23"]
[Site "Hastings"]
[Date "2022.12.28"]
[Round "1.8"]
[White "Gormally, Daniel W"]
[Black "Marusenko, Petr"]
[Result "1/2-1/2"]
[WhiteElo "2450"]
[BlackElo "2041"]
[PlyCount "55"]
[EventDate "2022.12.28"]
[EventType "swiss"]
[EventRounds "10"]
[EventCountry "ENG"]

1. d4 d5 2. c4 e6 3. Nf3 c5 4. e3 Nc6 5. Nc3 Nf6 6. a3 dxc4 7. Bxc4 a6 8. O-O
b5 9. Ba2 Bb7 10. Qe2 cxd4 11. Rd1 Be7 12. exd4 O-O 13. d5 exd5 14. Nxd5 Nxd5
15. Bxd5 Qc7 16. Be3 Bf6 17. Rac1 Rac8 18. b4 Rfd8 19. g4 g6 20. Ng5 Qe7 21.
Ne4 Be5 22. Qf3 Nd4 23. Bxd4 Rxc1 24. Rxc1 Rxd5 25. Nf6+ Bxf6 26. Bxf6 Qd7 27.
h3 h6 28. Re1 1/2-1/2

[Event "Hastings Masters 2022/23"]
[Site "Hastings"]
[Date "2022.12.28"]
[Round "1.9"]
[White "Dette, Jan"]
[Black "Hebden, Mark L"]
[Result "1/2-1/2"]
[WhiteElo "2037"]
[BlackElo "2448"]
[PlyCount "120"]
[EventDate "2022.12.28"]
[EventType "swiss"]
[EventRounds "10"]
[EventCountry "ENG"]

1. e4 e5 2. d4 exd4 3. Nf3 Nc6 4. Bc4 Nf6 5. O-O Nxe4 6. Re1 d5 7. Bxd5 Qxd5 8.
Nc3 Qh5 9. Nxe4 Be6 10. Bg5 Bd6 11. Nxd6+ cxd6 12. Bf4 Qd5 13. c3 Kd7 14. Nd2
Qf5 15. Bg3 h5 16. Ne4 h4 17. Bxd6 Bd5 18. f3 Rae8 19. Qc2 Bxe4 20. fxe4 Qg5
21. e5 dxc3 22. Qb3 Kc8 23. Qxf7 Qd8 24. bxc3 Qd7 25. Qxd7+ Kxd7 26. Re4 h3 27.
Rf1 Ke6 28. c4 hxg2 29. Kxg2 Rh5 30. Rg4 Nxe5 31. Bxe5 Kxe5 32. Rxg7 Reh8 33.
Rh1 Kd4 34. Rg4+ Kc3 35. h4 Kb2 36. Kh3 Kxa2 37. Rf1 Kb3 38. Rb1+ Kc3 39. Rxb7
a5 40. Ra7 Re5 41. Kg3 Rhh5 42. Rf4 Rc5 43. Kg4 Rh8 44. Kg3 Rb8 45. Kg4 Kb3 46.
Rf3+ Kb4 47. Rf5 Rxc4+ 48. Rf4 Rg8+ 49. Kf3 Rgc8 50. h5 a4 51. h6 a3 52. h7
Rxf4+ 53. Kxf4 Rh8 54. Kg5 Kb3 55. Kg6 a2 56. Kg7 Rxh7+ 57. Kxh7 Kb2 58. Rb7+
Kc2 59. Ra7 Kb2 60. Rxa2+ Kxa2 1/2-1/2

[Event "Hastings Masters 2022/23"]
[Site "Hastings"]
[Date "2022.12.28"]
[Round "1.10"]
[White "Grieve, Harry"]
[Black "Harari, Zaki"]
[Result "1-0"]
[WhiteElo "2438"]
[BlackElo "2030"]
[PlyCount "65"]
[EventDate "2022.12.28"]
[EventType "swiss"]
[EventRounds "10"]
[EventCountry "ENG"]

1. e4 c5 2. Nf3 e6 3. Nc3 Nc6 4. d4 cxd4 5. Nxd4 Nf6 6. Nxc6 bxc6 7. e5 Nd5 8.
Ne4 Qc7 9. f4 Qb6 10. c4 Ne3 11. Qd3 Qb4+ 12. Kf2 Nxf1 13. Rxf1 Be7 14. a3 Qb8
15. Be3 O-O 16. Kg1 a5 17. Bd4 Rd8 18. Rad1 Ba6 19. f5 d5 20. exd6 Bxd6 21.
fxe6 f6 22. Kh1 Be7 23. Qc3 Qc8 24. Rde1 c5 25. Bxf6 gxf6 26. Nxf6+ Bxf6 27.
Qxf6 Rf8 28. Qg5+ Kh8 29. Qe5+ Kg8 30. Rxf8+ Qxf8 31. e7 Qe8 32. Qd5+ Kg7 33.
Qxa8 1-0

[Event "Hastings Masters 2022/23"]
[Site "Hastings"]
[Date "2022.12.28"]
[Round "1.11"]
[White "White, Stuart A"]
[Black "Lutsko, Artem"]
[Result "0-1"]
[WhiteElo "2021"]
[BlackElo "2431"]
[PlyCount "126"]
[EventDate "2022.12.28"]
[EventType "swiss"]
[EventRounds "10"]
[EventCountry "ENG"]

1. d4 Nf6 2. c4 e6 3. Nc3 Bb4 4. Qc2 O-O 5. e4 d5 6. e5 Ne4 7. Bd3 c5 8. Nf3
cxd4 9. Nxd4 Nd7 10. Bf4 Qh4 11. g3 Qh5 12. O-O g5 13. cxd5 Bxc3 14. bxc3 exd5
15. Be3 Nxe5 16. f3 Nc5 17. Bf5 Ne6 18. Rae1 Nxd4 19. Bxd4 Nc6 20. f4 gxf4 21.
Rxf4 Bxf5 22. Rxf5 Nxd4 23. cxd4 Qg4 24. Rf4 Qg6 25. Qe2 Qd6 26. Qh5 f6 27. Rf2
Rf7 28. Rfe2 Raf8 29. Re6 Qd7 30. Qg4+ Kh8 31. Qf4 Qd8 32. Qd2 Qc7 33. Rc1 Qd7
34. Rce1 b6 35. Qe3 Kg7 36. Qa3 Qb5 37. Qe3 Qc4 38. Qf4 Qxa2 39. Qg4+ Kh8 40.
Re7 Qd2 41. Kf1 Qd3+ 42. Kg2 Qc2+ 43. Kf1 Qg6 44. Qd7 Qd3+ 45. Kg2 Qd2+ 46. Kf1
Kg7 47. Qxd5 Qxh2 48. Qf3 Qh3+ 49. Kf2 Rc8 50. Rxf7+ Kxf7 51. Qb3+ Kg6 52. Re7
Qf5+ 53. Ke3 Kh6 54. Qd3 Qxd3+ 55. Kxd3 Rg8 56. Rxa7 Rxg3+ 57. Ke4 Kg6 58. d5
Rg4+ 59. Ke3 Kf5 60. Rxh7 Ke5 61. Rh5+ f5 62. d6 Re4+ 63. Kf3 Rd4 0-1

[Event "Hastings Masters 2022/23"]
[Site "Hastings"]
[Date "2022.12.28"]
[Round "1.12"]
[White "Han, Yichen"]
[Black "Sugden, John N"]
[Result "1-0"]
[WhiteElo "2423"]
[BlackElo "1997"]
[PlyCount "61"]
[EventDate "2022.12.28"]
[EventType "swiss"]
[EventRounds "10"]
[EventCountry "ENG"]

1. e4 c5 2. Nc3 Nc6 3. Nf3 e6 4. d4 cxd4 5. Nxd4 Qc7 6. Be3 a6 7. g4 Nxd4 8.
Qxd4 Ne7 9. f4 Nc6 10. Qd2 b5 11. O-O-O Na5 12. Bd4 Nc4 13. Bxc4 Qxc4 14. Kb1
d6 15. Rhf1 Bd7 16. f5 b4 17. fxe6 fxe6 18. Na4 Bxa4 19. b3 Qc6 20. bxa4 e5 21.
Bb2 Be7 22. Qd3 Rf8 23. Rxf8+ Kxf8 24. Qb3 Qxe4 25. Rf1+ Bf6 26. g5 Qg2 27. Qd3
Rd8 28. gxf6 Qxh2 29. fxg7+ Kxg7 30. Qf5 Qh4 31. Rg1+ 1-0

[Event "Hastings Masters 2022/23"]
[Site "Hastings"]
[Date "2022.12.28"]
[Round "1.13"]
[White "Salmons, Calum"]
[Black "Murphy, Conor E"]
[Result "0-1"]
[WhiteElo "1989"]
[BlackElo "2422"]
[PlyCount "62"]
[EventDate "2022.12.28"]
[EventType "swiss"]
[EventRounds "10"]
[EventCountry "ENG"]

1. d4 d5 2. Bf4 c5 3. c3 Qb6 4. Qd2 Nf6 5. e3 Bf5 6. dxc5 Qxc5 7. Qd4 e6 8. Bd3
Qxd4 9. Bb5+ Nc6 10. exd4 Nh5 11. Be3 Bd6 12. Ne2 a6 13. Bxc6+ bxc6 14. O-O f6
15. h3 g5 16. Nd2 a5 17. Rfe1 Nf4 18. Bxf4 gxf4 19. Nb3 Rg8 20. Kh1 Kf7 21. Ng1
e5 22. dxe5 fxe5 23. Nf3 Kf6 24. c4 a4 25. Nbd2 Rgb8 26. cxd5 cxd5 27. Rad1 Ra6
28. b3 Bd3 29. Nb1 axb3 30. a4 Bxb1 31. Rxb1 Rxa4 0-1

[Event "Hastings Masters 2022/23"]
[Site "Hastings"]
[Date "2022.12.28"]
[Round "1.14"]
[White "Chan, Sheng Liang Bernard"]
[Black "Jukes, Sam"]
[Result "1-0"]
[WhiteElo "1986"]
[BlackElo "1928"]
[PlyCount "49"]
[EventDate "2022.12.28"]
[EventType "swiss"]
[EventRounds "10"]
[EventCountry "ENG"]

1. d4 Nf6 2. Nf3 b6 3. g3 Bb7 4. Bg2 e6 5. O-O Be7 6. c4 O-O 7. Nc3 Ne4 8. d5
Nxc3 9. bxc3 d6 10. Nd4 e5 11. Nf5 Bc8 12. Qc2 Bg5 13. f4 g6 14. Nxd6 cxd6 15.
fxg5 Qc7 16. Ba3 Nd7 17. Qa4 Nc5 18. Qc6 Qxc6 19. dxc6 Ba6 20. Bd5 b5 21. Rf6
bxc4 22. Rxd6 Rad8 23. Bxc5 Rxd6 24. Bxd6 Rd8 25. Rd1 1-0

[Event "Hastings Masters 2022/23"]
[Site "Hastings"]
[Date "2022.12.28"]
[Round "1.15"]
[White "Norinkeviciute, Rasa"]
[Black "Davies, Nigel R"]
[Result "1/2-1/2"]
[WhiteElo "1969"]
[BlackElo "2398"]
[PlyCount "111"]
[EventDate "2022.12.28"]
[EventType "swiss"]
[EventRounds "10"]
[EventCountry "ENG"]

1. c4 e5 2. g3 Nf6 3. Bg2 c6 4. d4 Bb4+ 5. Bd2 Bxd2+ 6. Qxd2 d6 7. Nc3 Qe7 8.
e4 exd4 9. Qxd4 d5 10. cxd5 cxd5 11. Nxd5 Nxd5 12. Qxd5 Be6 13. Qb5+ Nc6 14.
Ne2 a6 15. Qb6 Qb4+ 16. Qxb4 Nxb4 17. O-O Bc4 18. Bf3 Nxa2 19. Rfd1 Nb4 20. Nf4
Ke7 21. Rac1 Rac8 22. Bg4 Be6 23. Nxe6 fxe6 24. f4 Rhd8 25. Rxc8 Rxc8 26. Rd2
Rc4 27. e5 g5 28. Be2 Rc5 29. Kf2 h6 30. Ke3 a5 31. h4 gxf4+ 32. gxf4 a4 33.
Bf3 b5 34. Rg2 Nc2+ 35. Kd2 Nd4 36. Be4 Kf7 37. Rg6 b4 38. Rf6+ Kg7 39. Rg6+
Kf7 40. Rf6+ Kg7 41. Rg6+ Kf7 42. Rxh6 Nb3+ 43. Ke3 a3 44. bxa3 bxa3 45. Rh7+
Kg8 46. Ra7 Ra5 47. Rxa5 Nxa5 48. Bb1 Nc6 49. Ba2 Kf7 50. f5 Nxe5 51. fxe6+ Kf6
52. h5 Nc6 53. Kd2 Nd8 54. h6 Nxe6 55. Bxe6 Kg6 56. Ba2 1/2-1/2

[Event "Hastings Masters 2022/23"]
[Site "Hastings"]
[Date "2022.12.28"]
[Round "1.16"]
[White "Lalic, Bogdan"]
[Black "Kumar, Sanjit S"]
[Result "1-0"]
[WhiteElo "2392"]
[BlackElo "1965"]
[PlyCount "69"]
[EventDate "2022.12.28"]
[EventType "swiss"]
[EventRounds "10"]
[EventCountry "ENG"]

1. c4 c6 2. d4 d5 3. Nf3 Nf6 4. Nc3 e6 5. g3 Nbd7 6. Bg2 Bd6 7. O-O O-O 8. Nd2
Re8 9. e4 dxe4 10. Ndxe4 Nxe4 11. Nxe4 Bf8 12. Bf4 Nf6 13. c5 Nxe4 14. Bxe4 g5
15. Qh5 h6 16. Be5 Bg7 17. Rad1 f5 18. Bc2 Qe7 19. Rfe1 Qf7 20. Qf3 Bd7 21.
Bxg7 Kxg7 22. Re5 Rad8 23. Qc3 Kg8 24. Qa5 a6 25. Bb3 Bc8 26. Qc3 Kh7 27. Rxf5
Qg7 28. Re5 Re7 29. Qe3 Rde8 30. Rf1 Kh8 31. f4 g4 32. Re1 Rd8 33. f5 Rf7 34.
fxe6 Re7 35. Rf1 1-0

[Event "Hastings Masters 2022/23"]
[Site "Hastings"]
[Date "2022.12.28"]
[Round "1.17"]
[White "Ismail, Mohammed Aayan"]
[Black "O'Gorman, Tom"]
[Result "1-0"]
[WhiteElo "1963"]
[BlackElo "2376"]
[PlyCount "89"]
[EventDate "2022.12.28"]
[EventType "swiss"]
[EventRounds "10"]
[EventCountry "ENG"]

1. d4 Nf6 2. Bf4 d5 3. e3 c5 4. Nf3 Nc6 5. Be2 e6 6. O-O Bd6 7. dxc5 Bxc5 8. c4
d4 9. b4 Bxb4 10. exd4 O-O 11. Qd3 b6 12. Rd1 Ba6 13. Ne5 Rc8 14. Qe3 Re8 15.
Bg5 Be7 16. h4 Na5 17. Nd2 Nd7 18. Rac1 Nf8 19. Bxe7 Qxe7 20. h5 h6 21. Rc3
Red8 22. Rdc1 Qh4 23. Ndf3 Qe7 24. c5 Bb7 25. c6 Ba8 26. c7 Re8 27. Ba6 f6 28.
Bxc8 Rxc8 29. Ng6 Nxg6 30. hxg6 Qd6 31. d5 Bxd5 32. Nd4 a6 33. a4 Qd7 34. Qe2
e5 35. Nf3 Bb7 36. Qe3 Nc6 37. Qxb6 Rxc7 38. Qb3+ Kf8 39. Nh4 a5 40. Nf5 Ba8
41. Qa3+ Kg8 42. Qb3+ Kf8 43. Qb6 Rc8 44. Qc5+ Kg8 45. Ne7+ 1-0

[Event "Hastings Masters 2022/23"]
[Site "Hastings"]
[Date "2022.12.28"]
[Round "1.18"]
[White "Cherniaev, Alexander"]
[Black "Pousada Garcia, Daniel"]
[Result "1-0"]
[WhiteElo "2374"]
[BlackElo "1960"]
[PlyCount "67"]
[EventDate "2022.12.28"]
[EventType "swiss"]
[EventRounds "10"]
[EventCountry "ENG"]

1. e4 c5 2. Nf3 e6 3. c3 Nf6 4. e5 Nd5 5. Bc4 Nc6 6. O-O d6 7. d4 Be7 8. Qe2
O-O 9. Rd1 cxd4 10. cxd4 Na5 11. b3 Bd7 12. Bxd5 exd5 13. Nc3 Be6 14. Ba3 Rc8
15. Nb5 dxe5 16. Bxe7 Qxe7 17. dxe5 Bg4 18. Rxd5 Rc5 19. Rad1 Rfc8 20. h3 Rxd5
21. Rxd5 Rc1+ 22. Kh2 Bxf3 23. Qxf3 Nc6 24. Qe3 Rc2 25. Nxa7 Nxa7 26. Qxa7 h6
27. Qd4 Rxa2 28. Qd3 g6 29. Qd4 Re2 30. Rd8+ Kh7 31. e6 Qc7+ 32. f4 Qxd8 33.
Qxd8 Rxe6 34. Qd7 1-0

[Event "Hastings Masters 2022/23"]
[Site "Hastings"]
[Date "2022.12.28"]
[Round "1.19"]
[White "Golding, Alex"]
[Black "Ortiz Sanchez, Luis"]
[Result "1-0"]
[WhiteElo "2318"]
[BlackElo "1895"]
[PlyCount "127"]
[EventDate "2022.12.28"]
[EventType "swiss"]
[EventRounds "10"]
[EventCountry "ENG"]

1. d4 f5 2. c4 Nf6 3. Nc3 g6 4. Bg5 Bg7 5. h4 d6 6. Nf3 c6 7. Qc2 Na6 8. a3 Qc7
9. e3 e5 10. c5 e4 11. cxd6 Qxd6 12. Bf4 Qe7 13. Ne5 Nc7 14. Nc4 Ncd5 15. Be5
Be6 16. Nd6+ Kf8 17. Nc4 Rd8 18. Be2 Nxc3 19. bxc3 Bxc4 20. Bxc4 Nd5 21. Bg3 h5
22. Be2 Kg8 23. Qb3 Kh7 24. c4 Nf6 25. Rb1 Rd7 26. Bf4 Rhd8 27. O-O Ne8 28. g3
Bh6 29. Bxh6 Kxh6 30. Kg2 Nf6 31. c5 Rh8 32. Rh1 Rh7 33. Rb2 Rg7 34. Bc4 Kh7
35. Be6 Rc7 36. Rhb1 Kh6 37. Rc1 Qd8 38. Rd2 Qe7 39. Rdd1 Kh7 40. a4 Kh6 41. a5
a6 42. Rc2 Kh7 43. Qc4 Kh6 44. d5 cxd5 45. Bxd5 Nxd5 46. Rxd5 Kh7 47. Rcd2 Qe6
48. Qd4 Qc6 49. Qb4 Rgf7 50. Re5 Qf6 51. Re8 Rf8 52. Rxf8 Qxf8 53. Rd6 Qe7 54.
Qb6 Qf7 55. Rf6 Qd7 56. Rd6 Qf7 57. Rxg6 Rxc5 58. Rf6 Qg7 59. Qe6 Rc6 60. Qxf5+
Kg8 61. Qd5+ Kh8 62. Qxh5+ Kg8 63. Qe8+ Kh7 64. Rf7 1-0

[Event "Hastings Masters 2022/23"]
[Site "Hastings"]
[Date "2022.12.28"]
[Round "1.20"]
[White "Liu, Tianyi (Jack)"]
[Black "Bazakutsa, Svyatoslav"]
[Result "0-1"]
[WhiteElo "1892"]
[BlackElo "2318"]
[PlyCount "76"]
[EventDate "2022.12.28"]
[EventType "swiss"]
[EventRounds "10"]
[EventCountry "ENG"]

1. e4 c5 2. Nf3 Nc6 3. d4 cxd4 4. Nxd4 Nf6 5. Nc3 e5 6. Ndb5 d6 7. Bg5 a6 8.
Na3 b5 9. Nd5 Be7 10. Bxf6 Bxf6 11. c3 Ne7 12. Nxf6+ gxf6 13. Nc2 Bb7 14. Bd3
d5 15. Qe2 dxe4 16. Bxe4 Bxe4 17. Qxe4 Qd5 18. Qxd5 Nxd5 19. O-O-O O-O-O 20. g3
f5 21. Ne3 Ne7 22. Rhe1 h5 23. a4 f6 24. axb5 axb5 25. Ng2 Ng6 26. Ne3 Ne7 27.
Ng2 Rhg8 28. Kc2 Rxd1 29. Kxd1 Kd7 30. Nh4 f4 31. Kc2 Nc6 32. Nf3 Kd6 33. gxf4
exf4 34. Re4 Rg2 35. Rxf4 Rxf2+ 36. Kd3 Kd5 37. Rxf6 Ne5+ 38. Ke3 Ng4+ 0-1

[Event "Hastings Masters 2022/23"]
[Site "Hastings"]
[Date "2022.12.28"]
[Round "1.21"]
[White "Ledger, Andrew J"]
[Black "Li, Ethan"]
[Result "1-0"]
[WhiteElo "2314"]
[BlackElo "1889"]
[PlyCount "61"]
[EventDate "2022.12.28"]
[EventType "swiss"]
[EventRounds "10"]
[EventCountry "ENG"]

1. Nf3 Nf6 2. c4 d6 3. Nc3 g6 4. g3 Bg7 5. Bg2 O-O 6. O-O e5 7. d3 a5 8. Rb1 c6
9. a3 Nbd7 10. b4 axb4 11. axb4 Re8 12. Qb3 Nf8 13. Bb2 h6 14. Ra1 Rxa1 15.
Rxa1 Be6 16. b5 Qc7 17. Nd2 Rb8 18. Qa4 N8d7 19. Ba3 d5 20. Qa7 Rc8 21. Rb1 Qb8
22. Qa4 Qa8 23. Qb3 dxc4 24. Nxc4 Nd5 25. Nxd5 Bxd5 26. Bxd5 cxd5 27. Nd6 Rc7
28. Qxd5 Qxa3 29. Qxf7+ Kh8 30. Ne8 Rc1+ 31. Kg2 1-0

[Event "Hastings Masters 2022/23"]
[Site "Hastings"]
[Date "2022.12.28"]
[Round "1.22"]
[White "Byrn, Carsten"]
[Black "Chan, Kim Yew"]
[Result "0-1"]
[WhiteElo "1875"]
[BlackElo "2289"]
[PlyCount "86"]
[EventDate "2022.12.28"]
[EventType "swiss"]
[EventRounds "10"]
[EventCountry "ENG"]

1. d4 Nf6 2. c4 e6 3. Nc3 Bb4 4. Nf3 c5 5. g3 cxd4 6. Nxd4 Ne4 7. Bd2 Bxc3 8.
Bxc3 Nxc3 9. bxc3 O-O 10. Bg2 Qc7 11. Qd3 a6 12. Nb3 Nc6 13. c5 a5 14. a4 b6
15. cxb6 Qxb6 16. Nd4 Ba6 17. Nb5 d5 18. O-O Ne5 19. Qd4 Qxd4 20. cxd4 Bxb5 21.
axb5 Nc4 22. Rfc1 Rab8 23. e4 Nd2 24. Rc2 Nb3 25. Ra4 dxe4 26. Bxe4 Rxb5 27.
Rca2 Rd8 28. Bc2 Nxd4 29. Bd3 Nf3+ 30. Kg2 Ne1+ 31. Kf1 Nxd3 32. Rxa5 Rxa5 33.
Rxa5 g6 34. Ke2 h5 35. f4 Nb4 36. h3 Nd5 37. Kf3 Rc8 38. Ra3 Rc3+ 39. Rxc3 Nxc3
40. g4 Kg7 41. f5 gxf5 42. gxf5 e5 43. Ke3 Kf6 0-1

[Event "Hastings Masters 2022/23"]
[Site "Hastings"]
[Date "2022.12.28"]
[Round "1.23"]
[White "Bezuidenhout, Roland"]
[Black "Flynn, David"]
[Result "1/2-1/2"]
[WhiteElo "2265"]
[BlackElo "1872"]
[PlyCount "99"]
[EventDate "2022.12.28"]
[EventType "swiss"]
[EventRounds "10"]
[EventCountry "ENG"]

1. e4 c5 2. Nf3 Nc6 3. Bb5 g6 4. Bxc6 dxc6 5. d3 Bg7 6. h3 Nf6 7. Nc3 Nd7 8.
Be3 h6 9. Qd2 b6 10. O-O e5 11. Nh2 Nf8 12. f4 exf4 13. Bxf4 Ne6 14. Bg3 Nd4
15. Rae1 O-O 16. Nd1 f5 17. c3 Nb5 18. e5 Nc7 19. Nf3 Ba6 20. e6 Re8 21. Ne5
Rxe6 22. h4 h5 23. Nf2 Qd5 24. Nf3 Rxe1 25. Rxe1 Ne6 26. Be5 Rd8 27. Bxg7 Kxg7
28. Re5 Qxa2 29. c4 Bc8 30. Rxe6 Bxe6 31. Qc3+ Rd4 32. Nxd4 cxd4 33. Qxd4+ Kf7
34. Qe5 Qa5 35. Qc7+ Kf6 36. Qd8+ Kf7 37. Qc7+ Kf6 38. Qf4 Qa1+ 39. Kh2 Qxb2
40. Ne4+ Kg7 41. Qc7+ Bf7 42. Ng5 Qf6 43. d4 Kg8 44. Qb8+ Kg7 45. Qxa7 Kg8 46.
Qb8+ Kg7 47. Qc7 Kg8 48. Qb8+ Kg7 49. Qc7 Kg8 50. Qb8+ 1/2-1/2

[Event "Hastings Masters 2022/23"]
[Site "Hastings"]
[Date "2022.12.28"]
[Round "1.24"]
[White "Barton, R Alan"]
[Black "Kueppers, Timo"]
[Result "0-1"]
[WhiteElo "1871"]
[BlackElo "2249"]
[PlyCount "88"]
[EventDate "2022.12.28"]
[EventType "swiss"]
[EventRounds "10"]
[EventCountry "ENG"]

1. d4 Nf6 2. Nf3 g6 3. g3 Bg7 4. Bg2 c5 5. d5 O-O 6. O-O d6 7. Nc3 Na6 8. e4
Bg4 9. h3 Bxf3 10. Qxf3 Nc7 11. a4 a6 12. Qe2 Qd7 13. Be3 e6 14. dxe6 Qxe6 15.
Rad1 Rab8 16. Bf4 Rfd8 17. Rfe1 Rd7 18. Qe3 Nh5 19. Bh6 b5 20. Bxg7 Nxg7 21. e5
Nf5 22. Qg5 d5 23. axb5 axb5 24. Ne2 h6 25. Qg4 Ng7 26. Qf4 g5 27. Qe3 d4 28.
Qe4 Re7 29. f4 Nf5 30. c3 Ne3 31. Rd2 f5 32. Qf3 Nc4 33. Rc2 Rd8 34. cxd4 cxd4
35. Nc1 Nd5 36. b3 Nb4 37. bxc4 Nxc2 38. Re2 d3 39. Nxd3 Nd4 40. Qf2 Nxe2+ 41.
Qxe2 Qxc4 42. Bf1 gxf4 43. gxf4 Rg7+ 44. Kh2 Qd4 0-1

[Event "Hastings Masters 2022/23"]
[Site "Hastings"]
[Date "2022.12.28"]
[Round "1.25"]
[White "Zimmermann, Klemens"]
[Black "Southcott-Moyers, Indy"]
[Result "1-0"]
[WhiteElo "2247"]
[BlackElo "1870"]
[PlyCount "73"]
[EventDate "2022.12.28"]
[EventType "swiss"]
[EventRounds "10"]
[EventCountry "ENG"]

1. d4 d5 2. c4 c6 3. cxd5 cxd5 4. Bf4 Nf6 5. Nc3 Nc6 6. e3 Bf5 7. Qb3 Na5 8.
Bb5+ Nc6 9. Nf3 Rc8 10. Ne5 Nd7 11. Nxc6 bxc6 12. Ba6 g5 13. Bg3 Nb6 14. Rc1
Bg7 15. Bxc8 Bxc8 16. Na4 Nc4 17. Qb4 Bf8 18. b3 e5 19. Qc3 a5 20. O-O Bb4 21.
Qc2 Nd2 22. Qxc6+ Bd7 23. Qxd5 O-O 24. Rfd1 Bxa4 25. Qxd8 Rxd8 26. bxa4 exd4
27. exd4 Rxd4 28. Be5 Rd5 29. Bb2 f5 30. a3 Bd6 31. Bc3 Bxa3 32. Rxd2 Rc5 33.
Rcc2 Rc6 34. Bxa5 Re6 35. f3 Be7 36. Kf1 Ra6 37. Rd5 1-0